| LDR | | 03165cmm u2200601 i 4500 |
| 001 | | 000000340499 |
| 003 | | EBZ |
| 005 | | 20260127112055 |
| 006 | | m d |
| 007 | | cr cnu---unuuu |
| 008 | | 241228t20252025enk o 000 0 eng d |
| 015 | |
▼a GBC4E6917
▼2 bnb |
| 016 | 7 |
▼a 300379941
▼2 Uk |
| 020 | |
▼a 1805011332
▼q electronic book |
| 020 | |
▼a 9781805011330
▼q (electronic bk.) |
| 020 | |
▼z 9781805011323
▼q paperback |
| 020 | |
▼z 1805011324
▼q paperback |
| 024 | 8 |
▼a CIPO000158117 |
| 037 | |
▼a 1FEF1130-C081-4DE7-919A-19C162519BF5
▼b OverDrive, Inc.
▼n http://www.overdrive.com |
| 040 | |
▼a EBZ
▼b eng
▼c EBZ
▼d 248032 |
| 049 | |
▼a MAIN |
| 050 | 4 |
▼a HQ76.4
▼b .S53 2025 |
| 082 | 04 |
▼a 616.85/8306510922
▼2 23/eng/20250103 |
| 082 | 04 |
▼a 306.76620922 |
| 245 | 00 |
▼a Shame sex attraction :
▼b survivors' stories of conversion therapy /
▼c [edited by] Lucas F. W. Wilson ; foreword by Garrard Conley. |
| 260 | |
▼a London ;
▼a Philadelphia :
▼b Jessica Kingsley Publishers,
▼c [2025]. |
| 300 | |
▼a 1 online resource (192 pages) |
| 336 | |
▼a text
▼b txt
▼2 rdacontent |
| 337 | |
▼a computer
▼b c
▼2 rdamedia |
| 338 | |
▼a online resource
▼b cr
▼2 rdacarrier |
| 341 | 0 |
▼a textual
▼2 sapdv
▼3 EBSCOhost |
| 520 | |
▼a "An anthology of stories from survivors of gay conversion therapy - edited by an activist, academic and fellow survivor. This is an exposition of the trauma and moral injury such practices enact, and opportunity for survivors to reclaim their narratives, and a call to action for every reader to join the global movement to put an end to conversion therapy." --
▼c Provided by publisher. |
| 532 | 0 |
▼3 EBSCOhost
▼a "EBSCO evaluates our products based on the Web Content Accessibility Guidelines (WCAG) and the related Section 508 and EN 301 549 regulations in the US and EU. Most EBSCO products are substantially conformant with WCAG 2.2 level AA." Source: https://connect.ebsco.com/s/article/EBSCO-VPATs?language=en_US. Last accessed April 22, 2025. |
| 588 | |
▼a Description based on online resource; title from digital title page (viewed on January 03, 2025). |
| 590 | |
▼a Added to collection customer.56279.3 |
| 650 | 0 |
▼a Conversion therapy. |
| 650 | 0 |
▼a Homophobia. |
| 650 | 0 |
▼a Homosexuality. |
| 650 | 0 |
▼a Sexual orientation. |
| 650 | 0 |
▼a Gay people
▼x Psychology. |
| 650 | 0 |
▼a Gay people
▼x Mental health. |
| 650 | 7 |
▼a Conversion therapy.
▼2 homoit/eng
▼0 https://homosaurus.org/v4/homoit0000303 |
| 650 | 7 |
▼a Homophobia.
▼2 homoit/eng
▼0 https://homosaurus.org/v4/homoit0000646 |
| 650 | 7 |
▼a homosexuality.
▼2 aat |
| 650 | 7 |
▼a POLITICAL SCIENCE.
▼2 bisacsh |
| 650 | 7 |
▼a Discrimination & Race Relations.
▼2 bisacsh |
| 650 | 7 |
▼a SOCIAL SCIENCE.
▼2 bisacsh |
| 650 | 7 |
▼a Sexual Abuse & Harassment.
▼2 bisacsh |
| 700 | 1 |
▼a Wilson, Lucas F. W.,
▼e editor. |
| 700 | 1 |
▼a Conley, Garrard,
▼e author of foreword.
▼1 https://id.oclc.org/worldcat/entity/E39PBJkMGqB9yGgYqJVHrHtVG3 |
| 776 | 08 |
▼i Print version:
▼a Wilson, Lucas
▼t Shame-Sex Attraction
▼d London : Jessica Kingsley Publishers,c2025
▼z 9781805011323 |
| 856 | 40 |
▼3 EBSCOhost
▼u https://search.ebscohost.com/login.aspx?direct=true&scope=site&db=nlebk&db=nlabk&AN=4009241 |
| 938 | |
▼a EBSCOhost
▼b EBSC
▼n 4009241 |
| 990 | |
▼a 관리자 |